Prieskum názorov Slovákov na utečencov

Analýza aktuálnej verejnej mienky Slovákov na problematiku migrácie v súvislosti s európskou utečeneckou krízou. Výsledky dotazníkového prieskumu, ktorý uskutočnili výskumníci z Katedry politológie na Trenčianskej univerzite Alexandra Dubčeka v Trenčíne v období od 1. novembra 2015 do 31. januára 2...

Descripción completa

Guardado en:
Detalles Bibliográficos
Autor principal: Lincényi, Marcel
Formato: Capítulo de libro
Lenguaje:eslovaco
Materias:
Etiquetas: Agregar Etiqueta
Sin Etiquetas, Sea el primero en etiquetar este registro!

MARC

LEADER 00000nla a2200000 4500
001 0230264
005 20240417075117.0
041 0 |a slo 
044 |a SK 
245 1 0 |a Prieskum názorov Slovákov na utečencov  |c Marcel Lincényi 
520 |a Analýza aktuálnej verejnej mienky Slovákov na problematiku migrácie v súvislosti s európskou utečeneckou krízou. Výsledky dotazníkového prieskumu, ktorý uskutočnili výskumníci z Katedry politológie na Trenčianskej univerzite Alexandra Dubčeka v Trenčíne v období od 1. novembra 2015 do 31. januára 2016. 
610 2 0 |a utečenci 
610 2 0 |a migrácia 
610 2 0 |a zamestnanie 
610 2 0 |a kultúra 
610 2 0 |a ženy 
610 2 0 |a deti 
610 2 0 |a pobyt cudzincov 
610 2 0 |a kríza 
610 2 0 |a kvóty 
610 2 0 |a prieskum 
610 2 0 |a Slovensko 
100 1 |a Lincényi, Marcel